000 00286nam a22001337a 4500
008 180906b xxu||||| |||| 00| 0 eng d
020 _a9780073528458
041 _aeng
080 _a330
100 _a59
101 _aBUS
245 _aBusiness Ethics
_cCaroll.A.B
942 _2udc
_cBK
999 _c47580
_d47580